00859nam a2200229 a 450000100100000000500170001000800410002704000250006808200170009310000960011024500440020626000720025030000280032249000240035065000220037465000330039665000220042983000310045104900090048295201210049199900170061200002460920200930023251.0110201s1976 cau r 000 0 spa d aDO-SdBNPbspacBNPHU a149.3bL673s1 aLewis, Ralph M.cImperator de la Orden Rosacruz para la Jurisdicción Internacional95046010aEl santuario del ser /cRalph M. Lewis. aCalifornia, (Estados Unidos) :bGran Logia Suprema de Amorc,c1976. a252 p. :bil. ;c20 cm.1 aBiblioteca Rosacruz 4aMisticismo914358 4aFilosofía mística950461 4aRosacruses950462 0aBiblioteca Rosacruz940635 aBNGR 001054708MOaGRbGRcCTd2011-02-01iLF1l0o149.3 L673sp24609-10r2020-06-25w2020-06-25y4ZPréstamo en sala c24102d24102